000 00294nam a22001097a 4500
003 URS
005 20220114171916.0
008 180212b xxu||||| |||| 00| 0 eng d
245 _aFundamentals of Java: AP Computer Science Essentials 4ed
700 _4author
_aLambert, Kenneth A.
942 _2lcc
_cFR
999 _c15132
_d15132